000 00508nam a2200193Ia 4500
005 20250326142427.0
008 250326s9999 xx 000 0 und d
020 _a81-7012-572-3
037 _aTextbook
040 _aFMSL
_beng
_cFMSL
041 _aeng
_2eng
084 _aX9W:Z2 N6
_qFMSL
100 _aSingh Avtar
245 0 _aCompany law
_cSingh Avtar
260 _aLucknow
_bLucknow, Eastern Book
_c1996
300 _axcvi,569
942 _cTB
_hX9W:Z2 N6
999 _c1294966
_d1294966